|
|
|
|
| LEADER |
00000cam a2200000 7i4500 |
| 001 |
0000021897 |
| 005 |
20121004.0 |
| 008 |
090211 my a may |
| 040 |
|
|
|a INS
|
| 090 |
0 |
0 |
|a TT15
|
| 110 |
1 |
|
|a Bengkel pengurusan tatatertib ,
|d 2008 10 - 11 Julai
|c INSPEN, Bangi
|
| 245 |
0 |
0 |
|a Bengkel pengurusan tatatertib :
|b 10 - 11 Julai 2008
|c Anjuran Pusat Pengurusan dan Teknologi Maklumat, INSPEN
|
| 260 |
|
|
|a Bangi :
|b Institut Penilaian Negara ,
|c 2008
|
| 300 |
|
|
|a 1v. (Various pagings) :
|b ill. ;
|c 30 cm.
|
| 650 |
0 |
0 |
|a Employes rules
|z Malaysia
|
| 650 |
0 |
0 |
|a Personnel management
|
| 710 |
1 |
|
|a INSPEN ( Institut Penilaian Negara )
|
| 856 |
|
|
|u http://app.inspen.gov.my:7779/pls/portal/docs/PAGE/CORPORATEPAGES/PORTAL_INSPEN/NOTA_KURSUS/TATATERTIB/BENGKEL%20PENGURUSAN%20TATATERTIB.PDF
|
| 999 |
|
|
|a TT00000040
|b BOOK
|c Course Notes
|e Default branch
|
| 999 |
|
|
|a TT00000041
|b BOOK
|c Course Notes
|e Default branch
|
| 999 |
|
|
|a TT00000045
|b BOOK
|c Course Notes
|e Default branch
|